Šťastnější /
Den má pouze 24 hodin – to nezměníme. Můžeme se však naučit svůj čas lépe rozvrhnout a prožívat jej radostněji i pod tíhou povinností a rozptylování. Cassie Holmes vám pomůže odhalit činnosti, kterým stojí za to se věnovat. Naučí vás vypořádat se s otravnými úkoly i rutinou a nastavit si optimální r...
Uloženo v:
| Hlavní autor: | |
|---|---|
| Další autoři: | |
| Médium: | E-audiokniha |
| Vydáno: |
Praha :
Jan Melvil Publishing s.r.o.,
2025
|
| Tagy: |
Žádné tagy |
| LEADER | 02479nim a22004337i 4500 | ||
|---|---|---|---|
| 001 | 313521 | ||
| 007 | sr nunnnnnnned | ||
| 044 | |a xr | ||
| 100 | 1 | |a Holmes, Cassie |4 aut | |
| 245 | 1 | 0 | |a Šťastnější / |c Holmes, Cassie |
| 240 | 1 | 0 | |a Happier Hour |
| 264 | 1 | |a Praha : |b Jan Melvil Publishing s.r.o., |c 2025 | |
| 300 | |a 1 online zdroj (7 hod., 37 min., 0 sek.) | ||
| 336 | |a mluvené slovo |b spw |2 rdacontent | ||
| 337 | |a audio |b s |2 rdamedia | ||
| 338 | |a online zdroj |b cr |2 rdacarrier | ||
| 505 | 0 | 0 | |t Uvod (1 min., 1 sek.) |
| 505 | 0 | 0 | |t KPT_1_V_zajeti_casove_chudoby_a_unavy (21 min., 53 sek.) |
| 505 | 0 | 0 | |t KPT_2_Vsechen_cas_sveta (23 min., 36 sek.) |
| 505 | 0 | 0 | |t Na_case_zalezi (16 min., 19 sek.) |
| 505 | 0 | 0 | |t KPT_3_Moudrejsi_utraceni (42 min., 48 sek.) |
| 505 | 0 | 0 | |t Chcete-li_blahobyt,_pak_vice_je_vice (22 min., 43 sek.) |
| 505 | 0 | 0 | |t Dousek_cerstveho_vzduchu (28 min., 8 sek.) |
| 505 | 0 | 0 | |t Prace_muze_bavit (35 min., 42 sek.) |
| 505 | 0 | 0 | |t KPT_4_Prestante_plytvat (15 min., 31 sek.) |
| 505 | 0 | 0 | |t Cviceni_-_kolikrat_jeste (19 min., 59 sek.) |
| 505 | 0 | 0 | |t KPT_5_Zastavte_se_a_privonte_k_ruzi (37 min., 52 sek.) |
| 505 | 0 | 0 | |t KPT_6_Nenechte_se_rozptylovat (23 min., 4 sek.) |
| 505 | 0 | 0 | |t Strategie_treti_-_zavrete_dvere (20 min., 18 sek.) |
| 505 | 0 | 0 | |t KPT_7_Nadoba_casu (39 min., 43 sek.) |
| 505 | 0 | 0 | |t KPT_8_Umeni_prace_s_casem (28 min., 12 sek.) |
| 505 | 0 | 0 | |t Krok_tri_-_trocha_volneho_prostoru (25 min., 48 sek.) |
| 505 | 0 | 0 | |t KPT_9_Cas_vaseho_zivota (25 min., 42 sek.) |
| 505 | 0 | 0 | |t Moudrost_druhych (27 min., 58 sek.) |
| 520 | 2 | |a Den má pouze 24 hodin – to nezměníme. Můžeme se však naučit svůj čas lépe rozvrhnout a prožívat jej radostněji i pod tíhou povinností a rozptylování. Cassie Holmes vám pomůže odhalit činnosti, kterým stojí za to se věnovat. Naučí vás vypořádat se s otravnými úkoly i rutinou a nastavit si optimální rozvrh. Díky výzkumům a praktickým cvičením si ověříte, že už pár hodin denně strávených tím, co vás naplňuje, napomáhá snižovat stres a žít smysluplnější a šťastnější život. | |
| 700 | 1 | |a Dostálová, Jana |4 nrt | |
| 910 | |a RBIT002 | ||
| 998 | |d 424353 |a https://core.palmknihy.cz/api/books/424353/cover?t75gjq |b https://core.palmknihy.cz/api/books/424353/cover/400?t75gjq |c https://core.palmknihy.cz/api/books/424353/cover/50?t75gjq |e 2050-12-31 |i 9990004243538 |l 27420 |q 49 |r 1 |s https://www.palmknihy.cz/kniha/424353 |t audiobook |y 2025 |z 1 | ||
| 999 | |d 313519 | ||